Score 0/16 Timer 01:00
2 Plays Today
% Correct
Marvel
94.2%
Marvel
94%
DC
92.9%
Marvel
91.9%
Marvel
91.9%
DC
91.6%
DC
90.3%
Marvel
89.9%
% Correct
DC
89.3%
DC
88.4%
DC
86.8%
DC
86.4%
Marvel
85.5%
Marvel
83.3%
Marvel
82.8%
DC
82.8%

Today's Daily Dose

Remove Ads.
Support Sporcle.
Get the best of Sporcle when you Go Orange. This ad-free experience offers more features, more stats, and more fun while also helping to support Sporcle. Thank you for becoming a member.

You're not logged in!

Compare scores with friends on all Sporcle quizzes.
OR
Log In

Show Comments

Extras

Top Quizzes Today


Score Distribution

Your Account Isn't Verified!

In order to create a playlist on Sporcle, you need to verify the email address you used during registration. Go to your Sporcle Settings to finish the process.

Report this User

Report this user for behavior that violates our Community Guidelines.

Details: